| 000 | 00357nam a2200145 i 4500 | ||
|---|---|---|---|
| 001 | bg | ||
| 100 | 1 | _aWO-JOT, Igor | |
| 245 | 0 |
_aVy gavorite po-russki? : _bnauka języka rosyjskiego z płyt / _cIgor Wo-Jot. |
|
| 250 | _aWyd.3. | ||
| 260 |
_aWarszawa, _c1965. |
||
| 040 | _cBPK | ||
| 041 | _apol | ||
| 942 | _cKS | ||
| 008 | s pl f |000 0 pol | ||
| 999 |
_c7302 _d7302 |
||
| 856 |
_uhttp://koha.tu.koszalin.pl/cgi-bin/koha/opac-detail.pl?biblionumber=7302 _yKatalog online BPK |
||